| 000 | 01100cam a2200265 4500 | ||
|---|---|---|---|
| 008 | 020719n2001 000 0 eng u | ||
| 020 | _a0727729675 | ||
| 035 | _a(Sirsi) u118922 | ||
| 041 | _aeng. | ||
| 050 | _a624.15068 | ||
| 110 |
_aInstitution of Civil Engineers _91402 |
||
| 245 | _aManaging geotechnical risk: improving productivity in UK building and construction | ||
| 260 |
_aLondon _bThomas Telford _c2001 |
||
| 300 |
_a80p. _bill. _c30cm. |
||
| 350 | _a30 | ||
| 520 | _aGeotechnical risk can affect all those involved in construction - including the client, designer and the constructor. These guidelines provide best practice guidance on management of geotechnical risk by all parties concerned and explain why such risks occur. | ||
| 520 | _aAccompanied by a CD-ROM (L146686) which is reference only | ||
| 650 | _aGEOTECHNICS | ||
| 650 | _aFOUNDATION ENGINEERING | ||
| 650 | _aGROUND ENGINEERING | ||
| 650 | _aGROUND CONDITIONS | ||
| 690 | _aBUILDING AND CONSTRUCTION-ENGINEERING | ||
| 710 |
_aDepartment for Environment, Transport and the Regions _94203 |
||
| 942 | _n0 | ||
| 999 |
_c102201 _d102201 |
||